2019~2023年住宅商品房价上涨超20%的主要城市 扫雷 - Statistics

General Stats
  • This quiz has been taken 31 times
  • The average score is 2 of 11
Answers on the Grid
Answers color-coded by a green-red scale on the quiz's grid according to % correct below.
成都
西安
上海
长沙
广州
银川
杭州
济南
宁波
北京
南京
石家庄
南宁
兰州
南昌
合肥
沈阳
呼和浩特
武汉
海口
天津
西宁
青岛
福州
重庆
大连
乌鲁木齐
贵阳
长春
郑州
厦门
昆明
太原
深圳
哈尔滨
 
Answer Stats
Answer % Correct
22 宁波
80%
40 上海
60%
22 北京
40%
66 成都
20%
25 杭州
20%
47 西安
0%
37 长沙
0%
35 广州
0%
32 银川
0%
24 济南
0%
22 南京
0%
No matching quizzes found
Score Distribution
Percent of People with Each Score
Percentile by Number Answered
Your Score History
You have not taken this quiz